| 000 | 00489nam a2200193Ia 4500 | ||
|---|---|---|---|
| 005 | 20230111141921.0 | ||
| 008 | 131103s9999 xx 000 0 und d | ||
| 040 | _aLoreto College | ||
| 041 | _aEnglish | ||
| 082 |
_a821.4 _bMIL-MAC |
||
| 100 | _aMilton,John | ||
| 245 |
_aParadise lost _cJohn Milton;Edited by M Macmillan |
||
| 260 |
_aLondon _bMacmillan & CO LTD _c1935 |
||
| 300 | _aV5 | ||
| 650 | _aEnglish Poetry | ||
| 700 | _aMacmillan M ed. | ||
| 850 | _aLCLIB | ||
| 942 | _cBK | ||
| 999 |
_c21242 _d71721 |
||